Advantages and Disadvantages of Environmental Management System and EMAS for Mining Corporations

Guardado en:
Detalles Bibliográficos
Autor principal: Teplická, Katarína
Otros Autores: Čulková, Katarína, Antošová, Mária, 1965-
Formato: Capítulo de libro
Lenguaje:inglés
Etiquetas: Agregar Etiqueta
Sin Etiquetas, Sea el primero en etiquetar este registro!

MARC

LEADER 00000naa$a2200000$$$4500
001 0307607
005 20251023083141.9
041 0 |a eng 
044 |a BG 
245 1 0 |a Advantages and Disadvantages of Environmental Management System and EMAS for Mining Corporations  |c Katarína Teplická, Katarína Čulková, Mária Antošová 
100 1 |a Teplická, Katarína 
700 1 |a Čulková, Katarína 
700 1 |a Antošová, Mária, 1965-